Five Decade Movie Medley VI (Picture Box) Quiz Stats

 Plays Quiz not verified by Sporcle

Challenge
Share
Tweet
Score 0/25 Timer 07:00
0 Plays Today
Hint Answer % Correct
Grease
96.2%
1990s SNL StarsWayne's World
89.5%
The Wedding Singer
89.1%
1970s Rock OperaThe Rocky Horror Picture Show
89.1%
The Nutty Professor
85.1%
When Harry Met Sally...
84.1%
Groundhog Day
82.7%
1980s RomanceThe Princess Bride
81.2%
Some Like It Hot
79.4%
2000s WritersCapote
79.4%
Tommy
74%
The Seven Year Itch
70.8%
Moonstruck
67.3%
Hint Answer % Correct
Say Anything
63.1%
1950s Marilyn MonroeGentlemen Prefer Blondes
59.4%
Sideways
56%
Bull Durham
55.4%
Adaptation
47.2%
The Royal Tenenbaums
42.5%
Black Sheep
42%
Secret Window
33.6%
How to Marry a Millionaire
27.6%
Rock 'n' Roll High School
17.8%
Phantom of the Paradise
6.6%
The Asphalt Jungle
5.8%

You're not logged in!

Compare scores with friends on all Sporcle quizzes.
OR
Log In

You Might Also Like...

Show Comments

Extras

Top Quizzes Today


Score Distribution

Your Account Isn't Verified!

In order to create a playlist on Sporcle, you need to verify the email address you used during registration. Go to your Sporcle Settings to finish the process.

Report this User

Report this user for behavior that violates our Community Guidelines.

Details: